[Event "Berdsk Maestro op 15th"]
[Site "Berdsk"]
[Date "2009.07.10"]
[Round "3"]
[White "Ambartsumyan, Karen"]
[Black "Gryazev, Igor"]
[Result "1-0"]
[WhiteElo "2103"]
[BlackElo "1980"]
[PlyCount "99"]
[EventDate "2009.07.08"]
[EventType "swiss"]
[EventRounds "9"]
[EventCountry "RUS"]
[SourceTitle "EXT 2022"]
[Source "ChessBase"]
[SourceDate "2021.10.06"]
[SourceVersion "1"]
[SourceVersionDate "2021.10.06"]
[SourceQuality "1"]

1. e4 e5 2. Nf3 Nc6 3. Bb5 a6 4. Ba4 Nf6 5. 0-0 Be7 6. Re1 b5 7. Bb3 0-0 8. c3 d5 9. exd5 Nxd5 10. Nxe5 Nxe5 11. Rxe5 c6 12. g3 Bd6 13. Re1 Qd7 14. d3 Qh3 15. Re4 Nf6 16. Rh4 Qf5 17. Nd2 g5 18. Rh6 Ng4 19. Ne4 Nxh6 20. Nxd6 Qh3 21. Qd2 Qh5 22. Qxg5+ Qxg5 23. Bxg5 Kg7 24. Bxh6+ Kxh6 25. Nxf7+ Kg7 26. Ne5 Bb7 27. f4 Rad8 28. Re1 Rfe8 29. Kf2 c5 30. Bd1 Bc8 31. Bf3 Bf5 32. Be4 Bg6 33. g4 Rd6 34. h4 Re7 35. Nf3 c4 36. f5 cxd3 37. Bxd3 Rxe1 38. Nxe1 Bf7 39. a3 Bc4 40. Ke3 Bxd3 41. Nxd3 Rh6 42. h5 Rd6 43. g5 h6 44. g6 Kf6 45. Ke4 a5 46. Nf4 Rd2 47. Nd5+ Kg7 48. f6+ Kf8 49. g7+ Kg8 50. Ne7+ 1-0

[Event "Berdsk Maestro op 15th"]
[Site "Berdsk"]
[Date "2009.07.08"]
[Round "1"]
[White "Glukhov, Mikhail"]
[Black "Gryazev, Igor"]
[Result "1-0"]
[WhiteElo "2205"]
[BlackElo "1980"]
[PlyCount "85"]
[EventDate "2009.07.08"]
[EventType "swiss"]
[EventRounds "9"]
[EventCountry "RUS"]
[SourceTitle "EXT 2022"]
[Source "ChessBase"]
[SourceDate "2021.10.06"]
[SourceVersion "1"]
[SourceVersionDate "2021.10.06"]
[SourceQuality "1"]

1. c4 e5 2. Nc3 Nf6 3. Nf3 Nc6 4. g3 Bb4 5. Bg2 0-0 6. 0-0 d6 7. d3 h6 8. Bd2 Be6 9. a3 Bxc3 10. Bxc3 Qd7 11. Re1 Bh3 12. Bh1 Rfe8 13. b4 a6 14. a4 a5 15. b5 Nd8 16. Qd2 Ne6 17. Qb2 Bg4 18. Nd2 c5 19. bxc6 bxc6 20. Qb6 Rec8 21. e3 Qc7 22. Qxc7 Rxc7 23. d4 Nd7 24. Ra3 Ra6 25. Bg2 Nd8 26. Bf1 Raa7 27. Rb1 exd4 28. exd4 Bf5 29. Rb2 Nf6 30. Rb8 Rc8 31. Rab3 Ra8 32. Rxc8 Bxc8 33. Rb6 Nd7 34. Rb2 Nf6 35. Nb3 Nb7 36. Bg2 Bd7 37. Nd2 Ra7 38. Rb6 d5 39. c5 Be8 40. Bf1 Nd8 41. Ra6 Rxa6 42. Bxa6 Ne6 43. Nb3 1-0

[Event "Berdsk Maestro op 13th"]
[Site "Berdsk"]
[Date "2007.07.08"]
[Round "1"]
[White "Sazhinov, Alexander"]
[Black "Gryazev, Igor"]
[Result "1-0"]
[WhiteElo "2270"]
[BlackElo "1954"]
[PlyCount "108"]
[EventDate "2007.07.08"]
[EventType "swiss"]
[EventRounds "9"]
[EventCountry "RUS"]
[SourceTitle "EXT 2022"]
[Source "ChessBase"]
[SourceDate "2021.10.06"]
[SourceVersion "1"]
[SourceVersionDate "2021.10.06"]
[SourceQuality "1"]

1. d4 Nf6 2. c4 g6 3. Nc3 Bg7 4. e4 d6 5. Nf3 0-0 6. Be2 Nbd7 7. 0-0 e5 8. Be3 exd4 9. Nxd4 Nc5 10. f3 a5 11. Qd2 Re8 12. Ndb5 Bd7 13. Rfd1 Bxb5 14. Nxb5 Qe7 15. Bf1 Red8 16. Nc3 c6 17. Qf2 Nfd7 18. Bd4 Ne5 19. Rd2 Bh6 20. Be3 Bxe3 21. Qxe3 Ned7 22. Rad1 Nf6 23. g3 Rd7 24. Bh3 Ne6 25. Na4 Rdd8 26. Nb6 Ra6 27. Nd5 cxd5 28. exd5 Re8 29. dxe6 fxe6 30. Re1 e5 31. f4 Rc6 32. Bg2 Rc5 33. b3 Qc7 34. f5 Kg7 35. Red1 Rd8 36. Rf1 Qb6 37. fxg6 hxg6 38. Rdf2 Rf8 39. Qg5 Rc7 40. Kh1 Rcf7 41. h4 Qd4 42. Rd2 Qc5 43. Rfd1 Rd7 44. Kh2 b6 45. Kh1 e4 46. Qxc5 bxc5 47. Rxd6 Rxd6 48. Rxd6 Re8 49. Rd1 e3 50. Bf3 Nh5 51. Kg2 Kf6 52. Re1 Ng7 53. Bg4 Ne6 54. Bxe6 Rxe6 1-0